Political Participation in the Digital Age : An Ethnographic Comparison Between Iceland and Germany.

Bibliographic Details
Main Author: Tiemann-Kollipost, Julia.
Format: eBook
Language:English
Published: Bielefeld : transcript, 2020.
Edition:1st ed.
Series:Digitale Gesellschaft
Subjects:
Online Access:Click to View
LEADER 02555nam a22004093i 4500
001 EBC6761397
003 MiAaPQ
005 20231204023219.0
006 m o d |
007 cr cnu||||||||
008 231204s2020 xx o ||||0 eng d
020 |a 9783839448885  |q (electronic bk.) 
020 |z 9783732848881 
035 |a (MiAaPQ)EBC6761397 
035 |a (Au-PeEL)EBL6761397 
035 |a (OCoLC)1149394924 
040 |a MiAaPQ  |b eng  |e rda  |e pn  |c MiAaPQ  |d MiAaPQ 
050 4 |a JN7389.A15T54 2020 
082 0 |a 320.4912 
100 1 |a Tiemann-Kollipost, Julia. 
245 1 0 |a Political Participation in the Digital Age :  |b An Ethnographic Comparison Between Iceland and Germany. 
250 |a 1st ed. 
264 1 |a Bielefeld :  |b transcript,  |c 2020. 
264 4 |c ©2020. 
300 |a 1 online resource (224 pages) 
336 |a text  |b txt  |2 rdacontent 
337 |a computer  |b c  |2 rdamedia 
338 |a online resource  |b cr  |2 rdacarrier 
490 1 |a Digitale Gesellschaft ;  |v v.25 
505 0 |a Intro -- Table of Content -- Acknowledgements -- 1 Introduction -- 2 State of Research -- 2.1 Update Loading? - (Re)defining Political Participation -- 2.2 Internet and Politics -- 2.3 Conclusion -- 3 Doing Ethnography I: Constructing Research Fields -- 4 Research Fields -- 4.1 LiquidFriesland -- 4.2 Betri Reykjavík -- 5 Doing Ethnography II: Methods and Translating Them into Practice -- 6 Methodology -- 6.1 Participant Observation -- 6.2 Interviews -- 6.3 Focus Groups -- 6.4 Conclusion -- 7 Doing Ethnography III: Making Sense of the Data -- 8 Results and Discussion -- 8.1 Political Participation - A Definition? -- 8.2 Information Practices through the Ages -- 8.3 Communication within Online Participation Tools: Software is Politics -- 8.4 Political Participation in the Digital Age -- 8.5 The Role of Geographical Proximity in (Online) Political Participation -- 8.6 Conclusion -- 9 Conclusion -- 10 Appendix. 
588 |a Description based on publisher supplied metadata and other sources. 
590 |a Electronic reproduction. Ann Arbor, Michigan : ProQuest Ebook Central, 2023. Available via World Wide Web. Access may be limited to ProQuest Ebook Central affiliated libraries.  
655 4 |a Electronic books. 
776 0 8 |i Print version:  |a Tiemann-Kollipost, Julia  |t Political Participation in the Digital Age  |d Bielefeld : transcript,c2020  |z 9783732848881 
797 2 |a ProQuest (Firm) 
830 0 |a Digitale Gesellschaft 
856 4 0 |u https://ebookcentral.proquest.com/lib/matrademy/detail.action?docID=6761397  |z Click to View